000 00725nam a22002417a 4500
003 UA-OsUOA
001 44671
007 ta
008 20101213b un ||||| |||| 00| 0 ukr d
100 _aБойко М.
090 _a27477)
_bБ77
942 _cBK
040 _aUA-OsUOA
_bukr
_cUA-OsUOA
_dUA-OsUOA
245 _aВолодимир - столичний град Волині
300 _a275 с.
955 _a4
041 _aukr
080 _a27477)
260 _aБлумінгтон
_c1988
650 7 _a27 Загальна історія Християнської церкви
_2UDC
999 _c424773
_d424773